| 000 | 00735cam a22002531 4500 | ||
|---|---|---|---|
| 001 | 9779872 | ||
| 003 | ARRUPE | ||
| 005 | 20140923111700.0 | ||
| 008 | 770618s1952 xx 000 0 eng | ||
| 010 | _a 52012143 | ||
| 015 | _aGB52-3933 | ||
| 035 | _a(OCoLC)3051205 | ||
| 040 |
_aDLC _cOC _dUk _dDLC |
||
| 050 | 0 | 0 |
_aHM136 _b.R28 |
| 082 | _a301.152 | ||
| 100 | 1 |
_aRadcliffe, Cyril John Radcliffe, _cViscount, _d1899-1977. _911461 |
|
| 245 | 1 | 4 | _aThe problem of power. |
| 260 |
_aLondon, _bSecker and Warburg, _c1952. |
||
| 300 |
_a110 p. _c19 cm. |
||
| 490 | 0 |
_aThe Reith memorial lectures, _v1951 |
|
| 650 | 0 |
_aPower (Social sciences) _911462 |
|
| 906 |
_a7 _bcbc _coclcrpl _du _encip _f19 _gy-gencatlg |
||
| 942 |
_2lcc _cMONOGRAPH |
||
| 999 |
_c120897 _d120897 |
||